000 00328nam a2200133Ia 4500
005 20260326235453.0
008 260326s9999||||xx |||||||||||||| ||und||
100 _aPalladio, Andrea
245 4 _aThe Four Books of Architecture /
_cAndrea Palladio
260 _bDover
300 _a110 p.
650 _aARQUITECTURA
942 _cBK
999 _c7840
_d7840